1200 thuật ngữ pháp lý Việt Nam

সংরক্ষণ করুন:
গ্রন্থ-পঞ্জীর বিবরন
প্রধান লেখক: NGUYỄN NGỌC ĐIỆP
বিন্যাস: গ্রন্থ
ভাষা:Undetermined
প্রকাশিত: Tp. HCM NXBTp HCM 1999
বিষয়গুলি:
ট্যাগগুলো: ট্যাগ যুক্ত করুন
কোনো ট্যাগ নেই, প্রথমজন হিসাবে ট্যাগ করুন!
Thư viện lưu trữ: Trung tâm Học liệu Trường Đại học Cần Thơ
LEADER 00486nam a2200169Ia 4500
001 CTU_46922
008 210402s9999 xx 000 0 und d
082 |a 340.03 
082 |b Đ307 
100 |a NGUYỄN NGỌC ĐIỆP 
245 0 |a 1200 thuật ngữ pháp lý Việt Nam 
245 0 |c NGUYỄN NGỌC ĐIỆP 
260 |a Tp. HCM 
260 |b NXBTp HCM 
260 |c 1999 
650 |a law - terminology 
980 |a Trung tâm Học liệu Trường Đại học Cần Thơ